<?xml version="1.0" encoding="UTF-8"?>
<record
    xmlns:xsi="http://www.w3.org/2001/XMLSchema-instance"
    xsi:schemaLocation="http://www.loc.gov/MARC21/slim http://www.loc.gov/standards/marcxml/schema/MARC21slim.xsd"
    xmlns="http://www.loc.gov/MARC21/slim">

  <leader>01005na  a2200277   4500</leader>
  <controlfield tag="001">18202</controlfield>
  <controlfield tag="003">MIRAKIL</controlfield>
  <controlfield tag="005">20181213154737.0</controlfield>
  <controlfield tag="008">161115b        tu            000 0      </controlfield>
  <datafield tag="020" ind1=" " ind2=" ">
    <subfield code="a">9757479950</subfield>
  </datafield>
  <datafield tag="040" ind1=" " ind2=" ">
    <subfield code="a">Milas</subfield>
    <subfield code="b">tur</subfield>
    <subfield code="c">TR-AnCHP</subfield>
  </datafield>
  <datafield tag="041" ind1=" " ind2=" ">
    <subfield code="a">tur</subfield>
  </datafield>
  <datafield tag="082" ind1=" " ind2=" ">
    <subfield code="a">956.1023</subfield>
    <subfield code="b">&#x130;44 2004</subfield>
  </datafield>
  <datafield tag="090" ind1=" " ind2=" ">
    <subfield code="a">956.1023 &#x130;44 2004</subfield>
  </datafield>
  <datafield tag="245" ind1=" " ind2=" ">
    <subfield code="a">&#x130;lk meclis anketi</subfield>
    <subfield code="b">birinci d&#xF6;nem TBMM &#xFC;yelerinin gelecekten bekledikleri</subfield>
    <subfield code="c">Yay&#x131;na haz&#x131;rlayan Cihangir G&#xFC;ndo&#x11F;du</subfield>
  </datafield>
  <datafield tag="246" ind1=" " ind2=" ">
    <subfield code="a">Birinci d&#xF6;nem TBMM &#xFC;yelerinin gelecekten bekledikleri</subfield>
  </datafield>
  <datafield tag="260" ind1=" " ind2=" ">
    <subfield code="a">Ankara</subfield>
    <subfield code="b">TBMM K&#xFC;lt&#xFC;r, Sanat ve Yay&#x131;n Kurulu</subfield>
    <subfield code="c">2004</subfield>
  </datafield>
  <datafield tag="300" ind1=" " ind2=" ">
    <subfield code="a">viii, 382 s.</subfield>
    <subfield code="b">res.</subfield>
    <subfield code="c">33 sm.</subfield>
  </datafield>
  <datafield tag="490" ind1=" " ind2=" ">
    <subfield code="a">TBMM K&#xFC;lt&#xFC;r, Sanat ve Yay&#x131;n Kurulu Yay&#x131;nlar&#x131;</subfield>
    <subfield code="v">100</subfield>
  </datafield>
  <datafield tag="610" ind1=" " ind2=" ">
    <subfield code="a">TBMM (1. d&#xF6;nem)</subfield>
    <subfield code="x">Anketler</subfield>
  </datafield>
  <datafield tag="650" ind1=" " ind2=" ">
    <subfield code="a">Milletvekilleri (1. d&#xF6;nem)</subfield>
    <subfield code="x">G&#xF6;r&#xFC;&#x15F;ler</subfield>
    <subfield code="y">Anketler</subfield>
  </datafield>
  <datafield tag="651" ind1=" " ind2=" ">
    <subfield code="a">T&#xFC;rkiye</subfield>
    <subfield code="x">Tarih</subfield>
    <subfield code="y">Birinci Meclis</subfield>
  </datafield>
  <datafield tag="700" ind1=" " ind2=" ">
    <subfield code="a">G&#xFC;ndo&#x11F;du, Cihangir</subfield>
  </datafield>
  <datafield tag="740" ind1=" " ind2=" ">
    <subfield code="a">Birinci d&#xF6;nem TBMM &#xFC;yelerinin gelecekten bekledikleri</subfield>
  </datafield>
  <datafield tag="942" ind1=" " ind2=" ">
    <subfield code="2">ddc</subfield>
    <subfield code="c">BKS</subfield>
  </datafield>
  <datafield tag="952" ind1=" " ind2=" ">
    <subfield code="a">0001</subfield>
    <subfield code="b">0001</subfield>
    <subfield code="d">2016-11-15</subfield>
    <subfield code="e">2</subfield>
    <subfield code="l">0</subfield>
    <subfield code="o">956.1023 &#x130;44 2004</subfield>
    <subfield code="p">008642</subfield>
    <subfield code="r">2016-11-15 00:00:00</subfield>
    <subfield code="v">0.00</subfield>
    <subfield code="w">2016-11-15</subfield>
    <subfield code="y">BKS</subfield>
  </datafield>
  <datafield tag="999" ind1=" " ind2=" ">
    <subfield code="c">174</subfield>
    <subfield code="d">174</subfield>
  </datafield>
</record>
